Memorias /

Detalles Bibliográficos
Autor Corporativo: Congreso Internacional Ética, Universidad y Sociedad Azuay, Ecuador
Formato: Electrónico Procedimiento de la Conferencia eBook
Lenguaje:español
Publicado: Cuenca, Ecuador : Universidad del Azuay, Casa Editora, [2021]
Materias:
Acceso en línea:Digitalia Hispánica

MARC

LEADER 00000nam a2200000 i 4500
001 DIGUAZUAY0101
003 NyNyDIG
007 cr |||||||||||
008 251212s2021 ec ob 100 0 spa d
006 m o d
035 |a (OCoLC)1564457440 
040 |a DGITA  |b eng  |e rda  |e pn  |c DGITA 
020 |a 9789942822826  |q eBook 
050 1 4 |a BJ19 ebook 
111 2 |a Congreso Internacional Ética, Universidad y Sociedad  |n (1st :  |d 2021 :  |c Azuay, Ecuador),  |j author. 
245 1 0 |a Memorias /  |c Congreso Internacional Ética, Universidad y Sociedad. 
264 1 |a Cuenca, Ecuador :  |b Universidad del Azuay, Casa Editora,  |c [2021] 
300 |a 1 online resource. 
336 |a text  |b txt  |2 rdacontent 
337 |a computer  |b c  |2 rdamedia 
338 |a online resource  |b cr  |2 rdacarrier 
347 |a text file  |2 rdaft 
347 |b PDF 
504 |a Includes bibliographical references and index. 
588 0 |a Online resource; title from PDF title page (Digitalia, viewed December 12, 2025) 
650 0 |a Ethics  |v Congresses. 
650 0 |a Universities and colleges  |x Moral and ethical aspects  |v Congresses. 
791 2 |a Digitalia (Firm),  |e distributor. 
793 0 |g Digitalia eBook Collection:  |a Universidad del Azuay 
856 4 0 |3 Digitalia Hispánica  |u https://www.digitaliapublishing.com/a/133485/ 
910 |a Premium collection: 2025